| 000 | 00959nam a2200169 a 4500 | ||
|---|---|---|---|
| 008 | 100415s2007 ||||||||||||||||| || u | ||
| 050 | _aUNO(058)GAOR/62/5E | ||
| 110 | _aUnited Nations Organisation (UNO) | ||
| 245 | 1 | 0 |
_aUnited Nations voluntary funds administered by the United Nations High Commissioner for Refugees, finacial report and audited financial statements, for year ended 31st December, 2006 and report of the Board of Auditors _cUnited Nations |
| 260 |
_aNew York _bUnited Nations _c2007 |
||
| 300 | _avii, 110p. ;ill. | ||
| 350 | _a0.00 | ||
| 490 | _aGeneral Assembly Official Records | ||
| 500 | _aReport of the Board of Auditors General Assembly Official records. Sixty-Second session. Supplement No. 5E | ||
| 650 | _aFINANCIAL REPORTING--UNITED NATIONS POPULATION FUND | ||
| 995 |
_D0.00 _FCBU-MAIN LIBRARY (Kitwe) _H1 _I0.00 _M1 _UAVAILABLE _WApr 15, 2010 _ZInternational Publications |
||
| 999 |
_c60862 _d60862 |
||